| 000 | 00797nam a2200229 a 4500 | ||
|---|---|---|---|
| 003 | MX-MxUPN | ||
| 005 | 20240612064039.0 | ||
| 008 | 220307q1940 mx a|||| |||| 000 0 spa d | ||
| 040 |
_aMX-MxUPN _bspa _cMX-MxUPN |
||
| 041 | 0 | _aspa | |
| 049 | _aLT | ||
| 050 | 4 |
_aLB1585 M6.1 _bR6.2 |
|
| 100 | 1 |
_aRodríguez Calderón, Carlos _931053 |
|
| 245 | 1 | 0 |
_aÁlbum de esquemas : _bcuaderno de trabajo para primer año de primaria / _cCarlos Rodríguez C. |
| 260 |
_aMéxico : _bEl Material Didáctico, _c[1940?]. |
||
| 300 |
_a[48] p. : _bil. |
||
| 650 | 4 |
_aCiencias naturales _xEstudio y enseñanza (Elemental) _92812 |
|
| 650 | 4 |
_aHistoria _xEstudio y enseñanza (Elemental) _92803 |
|
| 650 | 4 |
_aCiencias naturales _vLibros de texto _910151 |
|
| 650 | 4 |
_aHistoria _vLibros de texto _96383 |
|
| 905 | _aLibro | ||
| 999 |
_c208224 _d208224 |
||